Score 0/20 Timer 05:00
0 Plays Today
% Correct
Michelle Obama
95.9%
Britney Spears
83.9%
Brad Pitt
83.3%
Jennifer Aniston
81.9%
Will Ferrell
79.3%
Barack Obama
78.2%
Usher
78%
Natalie Portman
73.7%
Shaquille O'Neal
67.4%
Ellen DeGeneres
64.5%
% Correct
George Clooney
60.8%
Sandra Bullock
52.7%
Halle Berry
52.2%
Dakota Fanning
48.9%
Meg Ryan
32.8%
Fergie
29.4%
Sarah Palin
26.8%
Kim Kardashian
18.3%
Ashton Kutcher
14.7%
Montel Williams
2.9%
Remove Ads.
Support Sporcle.
Get the best of Sporcle when you Go Orange. This ad-free experience offers more features, more stats, and more fun while also helping to support Sporcle. Thank you for becoming a member.

You're not logged in!

Compare scores with friends on all Sporcle quizzes.
OR
Log In

Show Comments

Extras

Top Quizzes Today


Score Distribution

Your Account Isn't Verified!

In order to create a playlist on Sporcle, you need to verify the email address you used during registration. Go to your Sporcle Settings to finish the process.

Report this User

Report this user for behavior that violates our Community Guidelines.

Details: